<?xml version="1.0" encoding="UTF-8"?><?xml-stylesheet type="text/xsl" href="static/style.xsl"?><OAI-PMH xmlns="http://www.openarchives.org/OAI/2.0/" xmlns:xsi="http://www.w3.org/2001/XMLSchema-instance" xsi:schemaLocation="http://www.openarchives.org/OAI/2.0/ http://www.openarchives.org/OAI/2.0/OAI-PMH.xsd"><responseDate>2026-04-29T07:21:37Z</responseDate><request verb="GetRecord" identifier="oai:repisalud.isciii.es:20.500.12105/14794" metadataPrefix="marc">https://repisalud.isciii.es/rest/oai/request</request><GetRecord><record><header><identifier>oai:repisalud.isciii.es:20.500.12105/14794</identifier><datestamp>2025-03-14T12:00:44Z</datestamp><setSpec>com_20.500.12105_2203</setSpec><setSpec>com_20.500.12105_2202</setSpec><setSpec>col_20.500.12105_19585</setSpec></header><metadata><record xmlns="http://www.loc.gov/MARC21/slim" xmlns:dcterms="http://purl.org/dc/terms/" xmlns:doc="http://www.lyncode.com/xoai" xmlns:xsi="http://www.w3.org/2001/XMLSchema-instance" xsi:schemaLocation="http://www.loc.gov/MARC21/slim http://www.loc.gov/standards/marcxml/schema/MARC21slim.xsd">
   <leader>00925njm 22002777a 4500</leader>
   <datafield ind2=" " ind1=" " tag="042">
      <subfield code="a">dc</subfield>
   </datafield>
   <datafield ind2=" " ind1=" " tag="720">
      <subfield code="a">Instituto de Salud Carlos III. Gabinete de prensa</subfield>
      <subfield code="e">author</subfield>
   </datafield>
   <datafield ind2=" " ind1=" " tag="260">
      <subfield code="c">2022-07-08</subfield>
   </datafield>
   <datafield ind2=" " ind1=" " tag="520">
      <subfield code="a">Un artículo en el que participan investigadores de la Agencia de Evaluación de Tecnologías Sanitarias (AETS) del ISCIII ha sido galardonado con el Premio al Mejor Artículo Científico de 2021 publicado en la revista oficial de la Health Technology Assessment international (HTAi), la sociedad internacional más relevante en el campo de la evaluación de tecnologías sanitarias. Artículo: Serrano-Aguilar, P., Gutierrez-Ibarluzea, I., Díaz, P., Imaz-Iglesia, I., González-Enríquez, J., Castro, J., . . . González del Yerro-Valdés, C. (2021). Postlaunch evidence-generation studies for medical devices in Spain: The RedETS approach to integrate real-world evidence into decision making. International Journal of Technology Assessment in Health Care, 37(1), E63. doi:10.1017/S0266462321000295.</subfield>
   </datafield>
   <datafield ind1="8" ind2=" " tag="024">
      <subfield code="a">http://hdl.handle.net/20.500.12105/14794</subfield>
   </datafield>
   <datafield tag="653" ind2=" " ind1=" ">
      <subfield code="a">Agencia de Evaluación de Tecnologías Sanitarias</subfield>
   </datafield>
   <datafield tag="653" ind2=" " ind1=" ">
      <subfield code="a">Premio al Mejor Artículo Científico 2021</subfield>
   </datafield>
   <datafield tag="653" ind2=" " ind1=" ">
      <subfield code="a">Red Europea EUnetHTA</subfield>
   </datafield>
   <datafield ind2="0" ind1="0" tag="245">
      <subfield code="a">Un artículo con participación de investigadores del ISCIII, premiado por la Sociedad Internacional de Evaluación de Tecnologías Sanitarias</subfield>
   </datafield>
</record></metadata></record></GetRecord></OAI-PMH>